• 首页
  • 本馆介绍
  • 公告通知
  • 最新文献
  • 馆藏检索
  • 电子资源
  • 读者导购
  • 参考咨询
  • 我的图书馆
  • 登录
  • 详细信息显示
  • 放入我的书架
  • 预约/预借图书
  • 作者相关作品
  • 分类相关作品
  • 丛书相关作品
  • 出版社相关作品

书目信息

  • 表格格式
  • 工作单格式
  • 卡片格式
题名:
越南人民抗法八十年史
    
 
作者: 陈辉燎 著 ;范宏科 , 吕谷 译
分册: 第一卷  
出版信息: 上海   三联书店  1960.01
页数: 478页
开本: 20cm
丛书名:
单 册:
中图分类: K333.4
科图分类:
主题词: 东南亚--历史
电子资源:
ISBN:
000 00780nam0 2200265 45
001 0212160966
005 20031219104102.3
010    @dCNY1.30
091    @a11002.457
100    @a20021216d1960 km y0chiy0120 ea
101 0  @achi
105    @a z 000yy
200 1  @a越南人民抗法八十年史@AYue Nan Ren Min Kang Fa Ba Shi Nian Shi@h第一卷@f(越)陈辉燎著@F(Yue)Chen Hui Liao Zhu@g范宏科,吕谷译
210    @a上海@c三联书店@d1960.01
215    @a478页@d20cm
300    @a附录:译名对照表
300    @a内部读物
300    @a根据越南文史地研究委员会河内1956年版译出
606 0  @a东南亚@x历史
690    @aK333.4@v3
701  0 @a陈辉燎@4著
702  0 @a范宏科@AFan Hong Ke@4译
702  0 @a吕谷@ALu Gu@4译
801    @aCN@bTSTC@c20021216
905    @f1@b219250@dK333.4@e3:1
    
    越南人民抗法八十年史.第一卷/(越)陈辉燎著/范宏科,吕谷译.-上海:三联书店,1960.01
    478页;20cm
    附录:译名对照表.-内部读物.-根据越南文史地研究委员会河内1956年版译出
    
    ISBN :CNY1.30
    
●
相关链接 在E读中查询图书 在五车中查询图书 在当当中查询图书 在豆瓣中查询图书


正题名:越南人民抗法八十年史     索取号:K333.4/3:1         预约/预借

序号 登录号 条形码 馆藏地/架位号 状态 备注
1 0219250   001736900   第二样本阅览室/ [索取号:K333.4/3:1] 在馆    
唐山师范学院图书馆 欢迎您!
大连网信软件有限公司© 版权所有